000 00583nam a22002177a 4500
003 UA-OsUOA
001 46615
007 ta
008 20070704b un ||||| |||| 00| 0 ukr d
100 _aГрабовська І.
090 _a32
_bГ-11
942 _cSA
040 _aUA-OsUOA
_bukr
_cUA-OsUOA
_dUA-OsUOA
245 _aПолітичне лідерство в Україні: гендерний аспект
300 _aС.79-97
955 _a0
041 _aukr
080 _a32
773 0 _w46614
_tСучасність
_dК.
_d2007
_g3
650 7 _a32 Політика
_2UDC
999 _c332706
_d332706